01475nam a2200277Ia 450000500170000000800410001704000700005804100080012808200190013611000330015524201000018824500950028826000350038330000540041850002690047250502440074150600220098554600240100765000400103165000120107165000320108365000310111565300190114670000170116570000150118220231124101513.0130821s1908 sz ao gr spa  aCo-BoUCMbspacSandra Yazo (modificó)dSandra Yazo (modificó)0 aspa04a348.0234942201 aSuiza. Leyes, decretos, etc.00aCódigo civil suizobdel 10 de diciembre de 1907. Con índice de materias y alfabéticoyspa10aCode civil suissebdu 10 decembre 1907 ; avec table de matières et index alphabétique. aBerne [Berna]bK -J Wyssc1908 axxvi, 313 páginasbilustraciones, fotografías aDetalles físicos: Encuadernación rígida en cartón forrado en tela texturizada con letras en lomo y en tapa delantera; emblema de la Confederación Helvética. Página de cortesía; al respaldo, fotografía (blanco y negro) del Profesor Doctor Eugen H. aTítulos preliminares: Libro 1p0s: Derechos de las personas. ; Libro 2p0s: De la Familia. ; Libro 3p0s: De las sucesiones. ; Libro : Los derechos reales. ; Título final: Vigencia y aplicación de este Código. ; Índice alfabético. aConsulta en sala. aTexto en francés. 7aDerecho civilxLegislaciónzSuiza 7aDerecho 7aJurisprudencia civilzSuiza 7aProcedimiento civilzSuiza aLey 10 de 19071 aHuber, Eugen1 aWyss, K -J